00919nam a2200217 a 4500001000800000005001700008008004100025041000800066044000700074050002700081100002200108245003900130260003300169300003000202440003200232500024900264500001000513500002900523651004700552740010200599BRL_57620190320210817.0040913s1948----mx-a######---#000-0dspa-# aspa amx 4aF1219.1.C47b.M85 19481 aMuller, Florencia10aChimalacatláncFlorencia Muller. aMéxico, D.F.b[ENAH]c1948 a88 p.bil., mapasc23 cm. 0aActa AnthropologicavIII: 1 aTomado de la tesis con el título original: Exploración arqueológica y reconstruccioìn histórica del Cerro del Venado, Chimalacatlán, Morelos´. Tesis para obtener la maestría en ciencias antropológicas ... México, D. F., 1946. aAu620 aBibliografía: p. 87-88 4aChimalacatlán (México)xAntigüedades0 aExploración arqueológica y reconstrucción histórica del cerro del venado, Chimalacatlán